Welcome to the Holygrace Academy Library

Please use search bar below to get started

OBJECTIVE MATHEMATICS VOLUME 1 (Record no. 640)

MARC details
000 -LEADER
fixed length control field 00325nam a22001097a 4500
082 ## - DEWEY DECIMAL CLASSIFICATION NUMBER
Classification number 510
Item number SHA/O
100 ## - MAIN ENTRY--AUTHOR NAME
Personal name Dr.R.D.SHARMA
245 ## - TITLE STATEMENT
Title OBJECTIVE MATHEMATICS VOLUME 1
Remainder of title CLASS XII
260 ## - PUBLICATION, DISTRIBUTION, ETC. (IMPRINT)
Place of publication DELHI
Name of publisher DHANPAT RAI PUBLICATIONS
Year of publication 2011
650 ## - SUBJECT ADDED ENTRY--TOPICAL TERM
Topical Term MATHS FOR CLASS XII, AND ALL ENGINEERING ENTRANCE EXAMINATIONS
Geographic subdivision INDIA
942 ## - ADDED ENTRY ELEMENTS (KOHA)
Koha item type Books
Holdings
Withdrawn status Lost status Collection code Home library Current library Shelving location Date acquired Source of acquisition Cost, normal purchase price Full call number Accession Number Koha item type
    Reference Main Library Main Library SHELF-10 D PLUS 2 -MATHS 16/06/2011 purchase 800.00 510 SHA/O 05933 Books